[Event "Newmarket Aurora Fall op U2000"]
[White "Huang, Youhe"]
[Black "Miaco, Trifelino T"]
[Site "Newmarket"]
[Round "5.3"]
[Result "1-0"]
[Date "2018.10.21"]
[WhiteElo "1691"]
[BlackElo "1451"]
[PlyCount "91"]
[EventDate "2018.10.20"]
[EventType "swiss"]
[EventRounds "5"]
[EventCountry "CAN"]
[SourceTitle "EXT 2022"]
[Source "ChessBase"]
[SourceDate "2021.10.06"]
[SourceVersion "1"]
[SourceVersionDate "2021.10.06"]
[SourceQuality "1"]

1. d4 Nf6 2. Bf4 d5 3. Nf3 c6 4. h3 Bf5 5. e3 e6 6. c3 Qb6 7. Qb3 Qxb3 8. axb3 Nbd7 9. Nbd2 Be7 10. Nh4 Bg6 11. Nxg6 hxg6 12. b4 b5 13. Bd3 Nb6 14. Bc2 Kd7 15. Ra6 Bd6 16. Ke2 Bxf4 17. exf4 Kc7 18. Rha1 Kb7 19. Nb3 Nfd7 20. R6a2 Nc8 21. Rh1 Kc7 22. g3 Ncb6 23. h4 Nc4 24. Rha1 Kb7 25. Nc5+ Nxc5 26. bxc5 Nxb2 27. Rxb2 a5 28. Rba2 a4 29. Rb1 Kc7 30. Kd2 Ra7 31. Ra3 Rha8 32. Rh1 Rh8 33. g4 Raa8 34. h5 gxh5 35. gxh5 Rh6 36. Rg1 Rg8 37. Bxa4 bxa4 38. Rxa4 Rf6 39. Ra7+ Kb8 40. Rga1 Rc8 41. Ke3 Rf5 42. R1a6 Rf6 43. Kf3 Rf5 44. Kg4 Rf6 45. Ra8+ Kb7 46. R6a7# 1-0

[Event "Newmarket Aurora Fall op U2000"]
[White "Miaco, Trifelino T"]
[Black "Wang, Eric1"]
[Site "Newmarket"]
[Round "2.11"]
[Result "1-0"]
[Date "2018.10.20"]
[WhiteElo "1451"]
[BlackElo "1536"]
[PlyCount "53"]
[EventDate "2018.10.20"]
[EventType "swiss"]
[EventRounds "5"]
[EventCountry "CAN"]
[SourceTitle "EXT 2022"]
[Source "ChessBase"]
[SourceDate "2021.10.06"]
[SourceVersion "1"]
[SourceVersionDate "2021.10.06"]
[SourceQuality "1"]

1. b3 e5 2. Bb2 Nc6 3. e3 d5 4. Bb5 Bd6 5. f4 f6 6. fxe5 fxe5 7. Bxe5 Qh4+ 8. g3 Qe4 9. Bxg7 Bg4 10. Nc3 Qxh1 11. Qxg4 Qxg1+ 12. Bf1 Qxh2 13. 0-0-0 Qxg3 14. Qe6+ Nge7 15. Bxh8 Be5 16. Bxe5 Qxe5 17. Bh3 Rd8 18. Rh1 Qxe6 19. Bxe6 d4 20. Nb5 Ng6 21. Nxc7+ Ke7 22. Rxh7+ Kd6 23. Bh3 dxe3 24. dxe3 Nb4 25. a3 Nd5 26. Nxd5 Kxd5 27. Bg2+ 1-0